UM Logo

The blood of government: (Record no. 2102)

MARC details
000 -LEADER
fixed length control field 00862nam a22002417a 4500
003 - CONTROL NUMBER IDENTIFIER
control field OSt
005 - DATE AND TIME OF LATEST TRANSACTION
control field 20160429173443.0
008 - FIXED-LENGTH DATA ELEMENTS--GENERAL INFORMATION
fixed length control field 160429b xxu||||| |||| 00| 0 eng d
022 ## - INTERNATIONAL STANDARD SERIAL NUMBER
Source 978-971-550-501-7
040 ## - CATALOGING SOURCE
Transcribing agency LIC
082 ## - DEWEY DECIMAL CLASSIFICATION NUMBER
Edition number 2006
Classification number DFil 959.903
Item number K86
100 ## - MAIN ENTRY--PERSONAL NAME
9 (RLIN) 6799
Personal name Kramer, Paul A.
245 ## - TITLE STATEMENT
Title The blood of government:
Remainder of title race, empire, the United States, & the Philippines/
Statement of responsibility, etc. Paul A. Kramer.
260 ## - PUBLICATION, DISTRIBUTION, ETC. (IMPRINT)
Place of publication, distribution, etc. Quezon City:
Name of publisher, distributor, etc. Ateneo De Manila University Press,
Date of publication, distribution, etc. c2006.
300 ## - PHYSICAL DESCRIPTION
Extent 538 pages:
Other physical details illustrations;
Dimensions 23 cm.
440 ## - SERIES STATEMENT/ADDED ENTRY--TITLE
9 (RLIN) 6800
Title Empire, Nation, Diaspora
500 ## - GENERAL NOTE
General note Includes bibliographical references and index.
650 #0 - SUBJECT ADDED ENTRY--TOPICAL TERM
9 (RLIN) 6801
Topical term or geographic name as entry element Philippines
General subdivision History
Chronological subdivision 1898-1946
650 #0 - SUBJECT ADDED ENTRY--TOPICAL TERM
9 (RLIN) 6802
Topical term or geographic name as entry element United States
General subdivision History
Chronological subdivision 1865
650 #0 - SUBJECT ADDED ENTRY--TOPICAL TERM
9 (RLIN) 6803
Topical term or geographic name as entry element Philippines
General subdivision Race relations
650 #0 - SUBJECT ADDED ENTRY--TOPICAL TERM
9 (RLIN) 6804
Topical term or geographic name as entry element United States
General subdivision Race relations
942 ## - ADDED ENTRY ELEMENTS (KOHA)
Source of classification or shelving scheme Dewey Decimal Classification
Koha item type Filipiniana
Holdings
Withdrawn status Lost status Source of classification or shelving scheme Damaged status Not for loan Collection code Home library Current library Date acquired Source of acquisition Total Checkouts Full call number Barcode Date last seen Copy number Price effective from Koha item type
    Dewey Decimal Classification     Filipiniana UM Digos College - LIC UM Digos College - LIC 03/21/2007 Purchased   DFil 959.903 K86 2006 19010 05/15/2025 1 04/29/2016 Filipiniana